000 00243nam a2200097Ia 4500
001 642750
005 20250826153532.0
008 250824s9999 xx 000 0 und d
245 0 _a4 Bizim Takım Yenilse!
_cR. L. Stine
260 _bBEYAZ BALİNA
999 _c642750
_d642750